KKR Quiz - Statistics

General Stats
  • This quiz has been taken 38 times
  • The average score is 4 of 10
Answer Stats
Question Answer % Correct
When did KKR start playing? 2008
96%
How many IPL seasons have KKR won? 2
78%
What is their home ground? Eden Gardens
67%
Who first captained KKR? Sourav Ganguly
56%
Who currently captains KKR? Eoin Morgan
41%
What is the highest individual score? 158*
37%
What is their highest team score? 245/6
22%
Who is the leading wicket-taker for KKR? Harbhajan Singh
7%
Who owns KKR? Red Chillies Entertainment
4%
Who has scored the most runs for KKR? Dinesh Karthik
0%
No matching quizzes found
Score Distribution
Percent of People with Each Score
Percentile by Number Answered
Your Score History
You have not taken this quiz